000 00540nam a2200217Ia 4500
003 0100
008 130303s9999 xx 000 0 und d
040 _cARRUPELIB
050 _aLB885.E37A3 1998
100 _aEisner, Elliot W.
245 4 _aThe kind of schools we need
245 _bpersonal essays
260 _aPortsmouth
260 _bHeinemann
260 _CLB885.E37A3 1998
300 _a234p.
300 _b 25cm.
650 _bEberhard, Johann August, 1739-1809
650 _cKnowledge, Theory of
942 _2lcc
_01
999 _c64576
_d64576